Flash 5 Virtual classroom
Guardat en:
| Autor principal: | |
|---|---|
| Format: | Llibre |
| Idioma: | Undetermined |
| Publicat: |
Berkeley, California
Osborne/McGraw-Hill
2001
|
| Matèries: | |
| Etiquetes: |
Afegir etiqueta
Sense etiquetes, Sigues el primer a etiquetar aquest registre!
|
| Thư viện lưu trữ: | Trung tâm Học liệu Trường Đại học Cần Thơ |
|---|
| LEADER | 00528nam a2200181Ia 4500 | ||
|---|---|---|---|
| 001 | CTU_42272 | ||
| 008 | 210402s9999 xx 000 0 und d | ||
| 082 | |a 006.696 | ||
| 082 | |b S131 | ||
| 100 | |a Doug Sahlin | ||
| 245 | 0 | |a Flash 5 Virtual classroom | |
| 245 | 0 | |c Doug Sahlin | |
| 260 | |a Berkeley, California | ||
| 260 | |b Osborne/McGraw-Hill | ||
| 260 | |c 2001 | ||
| 650 | |a Computer animation,Computer graphics,Flash ( computer file ) | ||
| 904 | |i Qhieu sửa | ||
| 980 | |a Trung tâm Học liệu Trường Đại học Cần Thơ | ||